000 00593nam a2200169Ia 4500
003 GCL
008 140319s9999 xx 000 0 ara d
040 _aGCL /
_cGCL
082 0 4 _a069.1
_bو م
100 1 _aوفاء الصديق
245 1 0 _aمتاحف الاطفال لمصر : دراسة عن اقامة متاحف للاطفال فى مصر واقسام للتربية المتحفية /
_cوفاء الصديق
490 _a100 قصة
_v0
650 0 4 _aالاطفال
650 0 4 _aالمتاحف_ تاريخ
650 0 4 _aالمتاحف - تنظيم وادارة
942 _2ddc
_cBK
999 _c46180
_d46180